|
|
|
|
| LEADER |
00000nam0a2200000 4500 |
| 001 |
317826 |
| 005 |
20231102003020.0 |
| 010 |
|
|
|a 9785406032718
|
| 035 |
|
|
|a (RuTPU)RU\TPU\book\343294
|
| 090 |
|
|
|a 317826
|
| 100 |
|
|
|a 20160414d2017 m y0rusy50 ca
|
| 101 |
0 |
|
|a rus
|
| 102 |
|
|
|a RU
|
| 105 |
|
|
|a y j 001zy
|
| 200 |
1 |
|
|a Управление изменениями
|e учебное пособие для вузов
|f под ред. Т. Ю. Ивановой
|
| 210 |
|
|
|a Москва
|c КноРус
|d 2017
|
| 215 |
|
|
|a 349 с.
|
| 225 |
1 |
|
|a Бакалавриат
|
| 320 |
|
|
|a Библиогр.: с. 346-349
|
| 330 |
|
|
|a Цель управления изменениями — повысить эффективность и результативность компаний и укрепить их конкурентные позиции. Проведен анализ современных подходов к управлению изменениями, даны оценки существующим моделям и предложены собственные новаторские идеи. Рассмотрены теоретические основы и практические инструменты управления изменениями с учетом разных этапов жизненного цикла организации, а также причины возникновения сопротивления проводимым изменениям и пути их преодоления. Соответствует ФГОС ВО 3+. Для студентов бакалавриата, обучающихся по направлению "Менеджмент", а также специалистов в области теории и практики менеджмента, университетских преподавателей дисциплин управленческого цикла, магистрантов, аспирантов и всех читателей, заинтересованных в обстоятельном изучении теории и практики организационных изменений.
|
| 606 |
1 |
|
|a Предприятия
|x Экономика
|x Управление
|x Организационные изменения
|2 stltpush
|3 (RuTPU)RU\TPU\subj\71817
|9 85555
|
| 610 |
1 |
|
|a изменения
|
| 610 |
1 |
|
|a управление
|
| 610 |
1 |
|
|a теория
|
| 610 |
1 |
|
|a методология
|
| 610 |
1 |
|
|a жизненный цикл
|
| 610 |
1 |
|
|a модели
|
| 610 |
1 |
|
|a структура
|
| 610 |
1 |
|
|a продукт
|
| 610 |
1 |
|
|a технологии
|
| 610 |
1 |
|
|a персонал
|
| 610 |
1 |
|
|a инновации
|
| 610 |
1 |
|
|a инновационная деятельность
|
| 610 |
1 |
|
|a инновационные услуги
|
| 610 |
1 |
|
|a риски
|
| 610 |
1 |
|
|a знания
|
| 610 |
1 |
|
|a обучающие организации
|
| 610 |
1 |
|
|a тесты
|
| 610 |
1 |
|
|a учебные пособия
|
| 686 |
|
|
|a У9(2)29-2я73
|v LBC/SL-A
|2 rubbk
|
| 702 |
|
1 |
|a Иванова
|b Т. Ю.
|4 340
|
| 801 |
|
1 |
|a RU
|b 63413507
|c 20160414
|
| 801 |
|
2 |
|a RU
|b 63413507
|c 20160712
|g RCR
|
| 942 |
|
|
|c BK
|
| 959 |
|
|
|a 32/20160331
|d 1
|e 570,00
|f ЧЗГЛ:1
|